[Event "XXXVIII Torneo Internacional de Ajedrez"]
[Site "La Roda (Albacete) - ESPAÑA"]
[Date "2011.04.23"]
[Round "6.5"]
[White "Rojas Keim, Luis"]
[Black "Paunovic, Dragan"]
[Result "1/2-1/2"]
[WhiteElo "2432"]
[BlackElo "2504"]
[PlyCount "79"]
[EventDate "2011.04.20"]

1. e4 c5 2. Nf3 e6 3. d4 cxd4 4. Nxd4 a6 5. c4 Nf6 6. Nc3 Qc7 7. a3 b6 8. Be3
Bb7 9. f3 d6 10. Rc1 Nbd7 11. Be2 Be7 12. O-O Rc8 13. b4 Qb8 14. Qd2 O-O 15.
Rfd1 Rfe8 16. Kh1 h5 17. Nb3 Bf8 18. Bf4 Ne5 19. Bxe5 dxe5 20. Qe3 Bc6 21. c5
bxc5 22. Nxc5 Bxc5 23. bxc5 Qa7 24. Na2 a5 25. Nc3 Nd7 26. Nb5 Bxb5 27. Bxb5
Re7 28. Bxd7 Rxd7 29. Rxd7 Qxd7 30. Qc3 Qc7 31. c6 g6 32. h3 Kh7 33. Qc5 Kg7
34. Kh2 Kh7 35. g4 h4 36. Rc2 g5 37. Kg2 Kg6 38. Qb5 Rb8 39. a4 Kf6 40. Qc5
1/2-1/2

[Event "XXXVIII Torneo Internacional de Ajedrez"]
[Site "La Roda (Albacete) - ESPAÑA"]
[Date "2011.04.23"]
[Round "6.6"]
[White "Khamrakulov, Ibragim S"]
[Black "Garza Marco, Sergio"]
[Result "1-0"]
[WhiteElo "2495"]
[BlackElo "2434"]
[PlyCount "85"]
[EventDate "2011.04.20"]

1. e4 d6 2. d4 Nf6 3. Nc3 g6 4. f4 Bg7 5. Nf3 O-O 6. Be2 c5 7. d5 e6 8. O-O
exd5 9. e5 dxe5 10. fxe5 Ng4 11. Bg5 f6 12. exf6 Nxf6 13. Nxd5 Qxd5 14. Bxf6
Qxd1 15. Bc4+ Kh8 16. Bxg7+ Kxg7 17. Raxd1 Nc6 18. Rd5 b6 19. Rd6 Na5 20. Bd5
Ba6 21. Re1 Rad8 22. Re7+ Kh6 23. Rxd8 Rxd8 24. Be4 Bb5 25. Rxa7 Bc6 26. Bxc6
Nxc6 27. Rb7 Nd4 28. Nxd4 Rxd4 29. Rxb6 Rd1+ 30. Kf2 Rd2+ 31. Kf3 Rxc2 32. a4
c4 33. a5 c3 34. b4 Rb2 35. Ke3 Rxg2 36. a6 Rxh2 37. b5 Ra2 38. Rb7 c2 39. Kd2
g5 40. a7 Kh5 41. b6 g4 42. Rxh7+ Kg6 43. Rh8 1-0

[Event "XXXVIII Torneo Internacional de Ajedrez"]
[Site "La Roda (Albacete) - ESPAÑA"]
[Date "2011.04.23"]
[Round "6.7"]
[White "Cruz, Cristhian"]
[Black "Pardo Simon, David"]
[Result "1/2-1/2"]
[WhiteElo "2492"]
[BlackElo "2388"]
[PlyCount "79"]
[EventDate "2011.04.20"]

1. d4 Nf6 2. c4 e6 3. Nc3 Bb4 4. a3 Bxc3+ 5. bxc3 O-O 6. e3 b6 7. Bd3 Ba6 8. e4
Ne8 9. Nf3 Qe7 10. O-O Nc6 11. e5 f5 12. exf6 Nxf6 13. Bg5 Qe8 14. Ne5 Bb7 15.
Ng4 Nxg4 16. Qxg4 Ne7 17. Rae1 Nf5 18. Bf4 Rc8 19. d5 Qf7 20. Be5 Ba8 21. Re2
Nh6 22. Qe4 Nf5 23. Qg4 Nh6 24. Qg3 exd5 25. Rfe1 g6 26. Bd4 d6 27. cxd5 Bxd5
28. c4 Bc6 29. h4 Rce8 30. h5 Nf5 31. hxg6 hxg6 32. Bxf5 Qxf5 33. Bb2 Rxe2 34.
Rxe2 Qb1+ 35. Kh2 Rf7 36. Qg5 Rh7+ 37. Kg3 Qf5 38. Qd8+ Qf8 39. Qg5 Qf5 40.
Qd8+ 1/2-1/2

[Event "XXXVIII Torneo Internacional de Ajedrez"]
[Site "La Roda (Albacete) - ESPAÑA"]
[Date "2011.04.23"]
[Round "6.8"]
[White "Larino Nieto, David"]
[Black "Valmana Canto, Jaime"]
[Result "1-0"]
[WhiteElo "2475"]
[BlackElo "2330"]
[PlyCount "53"]
[EventDate "2011.04.20"]

1. e4 c5 2. Nc3 a6 3. a4 Nc6 4. g3 g6 5. Bg2 Bg7 6. d3 Rb8 7. Be3 d6 8. Qd2 e6
9. Nge2 Nd4 10. Nd1 Ne7 11. Nxd4 cxd4 12. Bh6 O-O 13. h4 Bxh6 14. Qxh6 Kh8 15.
h5 Ng8 16. Qd2 g5 17. c3 e5 18. cxd4 exd4 19. f4 gxf4 20. Qxf4 f5 21. O-O Qf6
22. Nf2 Qe5 23. Qxe5+ dxe5 24. Ng4 Be6 25. Nxe5 fxe4 26. Rxf8 Rxf8 27. Bxe4 1-0

[Event "XXXVIII Torneo Internacional de Ajedrez"]
[Site "La Roda (Albacete) - ESPAÑA"]
[Date "2011.04.23"]
[Round "6.9"]
[White "Almagro Llamas, Pablo"]
[Black "Nieto De La Cruz, Julio"]
[Result "1-0"]
[WhiteElo "2472"]
[BlackElo "2123"]
[PlyCount "35"]
[EventDate "2011.04.20"]

1. e4 c5 2. Nf3 d6 3. Nc3 Nf6 4. d4 cxd4 5. Qxd4 a6 6. Bg5 Nc6 7. Qe3 e6 8.
O-O-O Qa5 9. Bxf6 gxf6 10. Kb1 h5 11. Nd2 b5 12. f4 Bd7 13. Be2 O-O-O 14. a4
Nb4 15. Qd4 e5 16. Qa7 Be6 17. Bxb5 Rg8 18. f5 1-0

[Event "XXXVIII Torneo Internacional de Ajedrez"]
[Site "La Roda (Albacete) - ESPAÑA"]
[Date "2011.04.23"]
[Round "6.10"]
[White "Gemy, Jose Daniel"]
[Black "Suba, Mihai"]
[Result "0-1"]
[WhiteElo "2288"]
[BlackElo "2465"]
[PlyCount "122"]
[EventDate "2011.04.20"]

1. d4 Nf6 2. Nf3 e6 3. e3 b6 4. Bd3 Bb7 5. O-O c5 6. Nbd2 cxd4 7. exd4 Be7 8.
Re1 O-O 9. Nf1 d6 10. Ng3 Nbd7 11. c3 Re8 12. Qe2 Bf8 13. Ba6 Bxa6 14. Qxa6 Qc8
15. Qd3 Qb7 16. Bg5 d5 17. a4 a6 18. Ne5 Nxe5 19. dxe5 Nd7 20. Nh5 g6 21. Qg3
h6 22. Bf4 Rac8 23. Rad1 Kh7 24. Qd3 Qc6 25. Ng3 Qxa4 26. Qf3 Bg7 27. Rd4 Rc4
28. Rxc4 Qxc4 29. h4 Kg8 30. Qe3 h5 31. Nf1 Nc5 32. Rd1 Qb3 33. Rd2 Ne4 34. Re2
Bf8 35. Kh2 Qd1 36. Ng3 Bc5 37. Qf3 Nxg3 38. Bxg3 a5 39. Bf4 Qb1 40. Bg5 Qf5
41. Qxf5 gxf5 42. Kg3 Kh7 43. Rd2 Ra8 44. Kf4 a4 45. Bf6 a3 46. bxa3 Kg6 47.
Ra2 Ra4+ 48. Kf3 f4 49. Ke2 Kf5 50. f3 Rxa3 51. Rc2 Ra1 52. Kd3 Ra3 53. Kd2
Be3+ 54. Ke2 Rb3 55. Kd1 Rb1+ 56. Ke2 Rc1 57. Ra2 Rxc3 58. Ra7 d4 59. Rd7 b5
60. Rd8 Rc2+ 61. Kf1 Rf2+ 0-1

[Event "XXXVIII Torneo Internacional de Ajedrez"]
[Site "La Roda (Albacete) - ESPAÑA"]
[Date "2011.04.23"]
[Round "6.11"]
[White "Chueca Forcen, Alberto"]
[Black "Korneev, Oleg"]
[Result "0-1"]
[WhiteElo "2289"]
[BlackElo "2573"]
[PlyCount "54"]
[EventDate "2011.04.20"]

1. d4 d5 2. c4 c6 3. Nf3 Nf6 4. e3 Bg4 5. Qb3 Qb6 6. cxd5 Bxf3 7. gxf3 Nxd5 8.
Nc3 e6 9. Bc4 Qc7 10. Bd2 Be7 11. Rc1 Nxc3 12. Bxc3 O-O 13. Ke2 Nd7 14. Rcg1 b5
15. Bd3 b4 16. Bxb4 Rab8 17. a3 a5 18. Bxh7+ Kh8 19. Qc2 axb4 20. Rg3 g5 21.
Rhg1 bxa3 22. b3 Qb6 23. Bg6 Qxb3 24. Rh3+ Kg8 25. Qe4 Qc4+ 26. Kd1 a2 27. Qh4
a1=Q+ 0-1

[Event "XXXVIII Torneo Internacional de Ajedrez"]
[Site "La Roda (Albacete) - ESPAÑA"]
[Date "2011.04.23"]
[Round "6.12"]
[White "Cruz Lledo, Pablo"]
[Black "Alonso Rosell, Alvar"]
[Result "0-1"]
[WhiteElo "2241"]
[BlackElo "2477"]
[PlyCount "72"]
[EventDate "2011.04.20"]

1. d4 d5 2. c4 c6 3. Nf3 Nf6 4. Nc3 e6 5. Qb3 Nbd7 6. Bg5 Be7 7. e3 O-O 8. Bd3
dxc4 9. Qxc4 Nd5 10. Bxe7 Qxe7 11. O-O Re8 12. Ne2 c5 13. Rac1 b6 14. a3 cxd4
15. exd4 Bb7 16. Bb1 N5f6 17. Qb3 Qd6 18. Qe3 a6 19. Ne5 Rac8 20. Nc3 b5 21.
Rfd1 Nb6 22. Qh3 Nc4 23. Ng4 Nxg4 24. Bxh7+ Kf8 25. Qxg4 Nxb2 26. Re1 Qxa3 27.
Ne2 Rxc1 28. Rxc1 Rc8 29. Rxc8+ Bxc8 30. h4 Nc4 31. h5 Bb7 32. Nf4 e5 33. Nd3
Qa1+ 34. Kh2 Qxd4 35. Qg5 Qd6 36. Kg1 Qf6 0-1

[Event "XXXVIII Torneo Internacional de Ajedrez"]
[Site "La Roda (Albacete) - ESPAÑA"]
[Date "2011.04.23"]
[Round "6.13"]
[White "Alcaraz Ortega, Javier"]
[Black "Plaskett, H James"]
[Result "1/2-1/2"]
[WhiteElo "2236"]
[BlackElo "2475"]
[PlyCount "28"]
[EventDate "2011.04.20"]

1. d4 e6 2. Bf4 Nf6 3. Nf3 d5 4. e3 c5 5. c3 Bd6 6. Bg3 Nc6 7. Nbd2 Bxg3 8.
hxg3 Qe7 9. Ne5 Nxe5 10. dxe5 Nd7 11. Nf3 b6 12. Bd3 Bb7 13. Qe2 O-O-O 14.
O-O-O h6 1/2-1/2

[Event "XXXVIII Torneo Internacional de Ajedrez"]
[Site "La Roda (Albacete) - ESPAÑA"]
[Date "2011.04.23"]
[Round "6.14"]
[White "Anton Guijarro, David"]
[Black "Adan Bermudez, Sergio"]
[Result "1/2-1/2"]
[WhiteElo "2425"]
[BlackElo "2264"]
[PlyCount "89"]
[EventDate "2011.04.20"]

1. d4 Nf6 2. Nf3 d6 3. c4 c6 4. Nc3 Bf5 5. h3 Nbd7 6. g4 Bg6 7. h4 h5 8. g5 Ne4
9. Bh3 Nxc3 10. bxc3 e6 11. Nd2 d5 12. O-O Bd6 13. e4 dxe4 14. Qe2 O-O 15. Nxe4
Qc7 16. f4 Bf5 17. Bxf5 exf5 18. Ng3 g6 19. c5 Nxc5 20. dxc5 Bxc5+ 21. Kg2 Rfe8
22. Qc4 Qd6 23. a4 b5 24. axb5 cxb5 25. Qxb5 Rab8 26. Qc4 Rbc8 27. Kh3 Bf2 28.
Qb4 Bc5 29. Qb5 Rb8 30. Qc4 Rbc8 31. Qa6 Qd7 32. Rb1 Bb6 33. Rb3 Qd5 34. Qb5
Qxb5 35. Rxb5 Rxc3 36. Bb2 Rd3 37. Be5 Rc8 38. Rbb1 Kf8 39. Rbd1 Rxd1 40. Rxd1
a5 41. Rd6 Bc5 42. Ra6 Bb4 43. Ne2 Ke7 44. Nd4 Rc3+ 45. Kg2 1/2-1/2

[Event "XXXVIII Torneo Internacional de Ajedrez"]
[Site "La Roda (Albacete) - ESPAÑA"]
[Date "2011.04.23"]
[Round "6.15"]
[White "Guerra Bastida, Diego"]
[Black "Sande Edreira, Jose Antonio"]
[Result "1/2-1/2"]
[WhiteElo "2413"]
[BlackElo "2310"]
[PlyCount "30"]
[EventDate "2011.04.20"]

1. c4 g6 2. g3 Bg7 3. Bg2 c5 4. Nc3 Nc6 5. Nf3 d6 6. O-O e5 7. a3 a5 8. Ne1 Be6
9. Bd5 Bh3 10. Qa4 Nge7 11. Bg2 Bxg2 12. Nxg2 O-O 13. d3 f5 14. Bg5 Bf6 15. Bd2
Nd4 1/2-1/2

[Event "XXXVIII Torneo Internacional de Ajedrez"]
[Site "La Roda (Albacete) - ESPAÑA"]
[Date "2011.04.23"]
[Round "6.16"]
[White "Camacho Collados, Jose"]
[Black "Jimenez Villena, Fco Jose"]
[Result "1-0"]
[WhiteElo "2380"]
[BlackElo "2198"]
[PlyCount "37"]
[EventDate "2011.04.20"]

1. g3 d5 2. Nf3 c5 3. Bg2 Nc6 4. d4 cxd4 5. Nxd4 e5 6. Nxc6 bxc6 7. c4 Be6 8.
Nc3 Bb4 9. O-O Bxc3 10. bxc3 Ne7 11. Qa4 O-O 12. Rd1 Qc7 13. Ba3 Rfd8 14. cxd5
Bxd5 15. e4 Be6 16. Bxe7 Qxe7 17. Qxc6 Rdc8 18. Qb5 Qc5 19. Rd8+ 1-0

[Event "XXXVIII Torneo Internacional de Ajedrez"]
[Site "La Roda (Albacete) - ESPAÑA"]
[Date "2011.04.23"]
[Round "6.17"]
[White "Munoz Navarro, Alberto"]
[Black "Camacho Collados, Marcos"]
[Result "0-1"]
[WhiteElo "2146"]
[BlackElo "2376"]
[PlyCount "80"]
[EventDate "2011.04.20"]

1. g3 g6 2. Bg2 Bg7 3. Nf3 d6 4. O-O Nf6 5. d4 O-O 6. c3 Nbd7 7. Nbd2 e5 8. e4
Re8 9. Re1 b6 10. Qc2 Bb7 11. a4 c5 12. Nc4 Qc7 13. dxe5 dxe5 14. Bg5 h6 15.
Bxf6 Nxf6 16. Rad1 Bf8 17. Nfd2 a6 18. Ne3 Rad8 19. c4 h5 20. Nd5 Nxd5 21. cxd5
b5 22. b3 h4 23. Bf1 hxg3 24. hxg3 Qb6 25. Ra1 Rb8 26. Qc3 Bh6 27. axb5 axb5
28. Nf3 Bg7 29. Ra5 c4 30. Rea1 Bxd5 31. Ra6 Qd8 32. exd5 e4 33. Nd4 Qxd5 34.
Rd1 e3 35. bxc4 exf2+ 36. Kxf2 Qh5 37. Qf3 Qc5 38. cxb5 Bxd4+ 39. Kg2 Re3 40.
Rc6 Rxf3 0-1

[Event "XXXVIII Torneo Internacional de Ajedrez"]
[Site "La Roda (Albacete) - ESPAÑA"]
[Date "2011.04.23"]
[Round "6.18"]
[White "Gallardo Garcia, Andres"]
[Black "Suarez Uriel, Adrian"]
[Result "1/2-1/2"]
[WhiteElo "2370"]
[BlackElo "2192"]
[PlyCount "26"]
[EventDate "2011.04.20"]

1. g3 e5 2. Bg2 Nc6 3. c4 Bc5 4. e3 Nf6 5. Ne2 O-O 6. Nbc3 d5 7. Nxd5 Nxd5 8.
cxd5 Nb4 9. O-O Nxd5 10. d4 exd4 11. Nxd4 c6 12. a3 Re8 13. h3 Qf6 1/2-1/2

[Event "XXXVIII Torneo Internacional de Ajedrez"]
[Site "La Roda (Albacete) - ESPAÑA"]
[Date "2011.04.23"]
[Round "6.19"]
[White "Rudolf, Anna"]
[Black "Escudero Manzano, Alejandro"]
[Result "1-0"]
[WhiteElo "2347"]
[BlackElo "2171"]
[PlyCount "103"]
[EventDate "2011.04.20"]

1. e4 c5 2. Nf3 Nc6 3. Bb5 Nf6 4. Nc3 g6 5. Bxc6 dxc6 6. d3 Bg7 7. Be3 b6 8. h3
Qc7 9. Qd2 h6 10. Bf4 Qd8 11. O-O-O Nh5 12. Bh2 O-O 13. e5 f5 14. exf6 Rxf6 15.
Be5 Rf8 16. Qe3 Nf6 17. Rhe1 Rf7 18. d4 c4 19. Kb1 b5 20. d5 Nxd5 21. Bxg7 Rxg7
22. Nxd5 cxd5 23. Qxh6 Qd6 24. Rd4 Rh7 25. Qg5 Bb7 26. Ne5 Qf6 27. Qxg6+ Rg7
28. Qxf6 exf6 29. Ng4 Rf8 30. Rf4 f5 31. Nh6+ Kh8 32. g4 Bc8 33. h4 Kh7 34. g5
Rd8 35. c3 Kg6 36. Re5 Kh5 37. Nxf5 Bxf5+ 38. Rexf5 Re7 39. Rf6 Rh8 40. Rd4
Re1+ 41. Kc2 Re2+ 42. Rd2 Re4 43. Rxd5 Rhe8 44. Rh6+ Kg4 45. Rd4 Rxd4 46. cxd4
b4 47. Rc6 Re2+ 48. Kd1 b3 49. axb3 cxb3 50. g6 Kxh4 51. g7 Re8 52. Rh6+ 1-0

[Event "XXXVIII Torneo Internacional de Ajedrez"]
[Site "La Roda (Albacete) - ESPAÑA"]
[Date "2011.04.23"]
[Round "6.20"]
[White "Kovacevic, Slobodan"]
[Black "Serrano Marhuenda, Salvador"]
[Result "1-0"]
[WhiteElo "2322"]
[BlackElo "2075"]
[PlyCount "118"]
[EventDate "2011.04.20"]

1. d4 Nf6 2. Nf3 g6 3. Bg5 Bg7 4. Nbd2 d6 5. c3 O-O 6. e4 Nbd7 7. Be2 e5 8.
dxe5 dxe5 9. O-O Qe7 10. b4 h6 11. Bh4 g5 12. Bg3 Rd8 13. Qc2 Nh5 14. Rfe1 Nxg3
15. hxg3 Nf8 16. Nc4 Ng6 17. Nh2 c6 18. Bg4 Bxg4 19. Nxg4 Qe6 20. Qe2 Rd7 21.
Nge3 Ne7 22. Red1 Rad8 23. Rxd7 Rxd7 24. Rd1 Kf8 25. g4 Ke8 26. g3 f6 27. Kg2
Bf8 28. a3 b6 29. Rh1 Kd8 30. a4 Kc7 31. Rb1 Rd8 32. Rd1 Rxd1 33. Qxd1 Qd7 34.
Qe2 Kb7 35. Nb2 Qe6 36. Qd3 Kc7 37. Nbc4 Qd7 38. Qe2 Qe6 39. Kg1 Qd7 40. Nb2
Qe6 41. Qc2 Kb7 42. Kf1 Kc7 43. Nbc4 Qd7 44. Ke2 Kb7 45. Qa2 Kc7 46. Nd2 Nc8
47. Qg8 Qg7 48. Qb3 Qd7 49. Qc4 Nd6 50. Qa2 Qf7 51. Qb1 Kb7 52. Kf3 h5 53. gxh5
Qxh5+ 54. Kg2 g4 55. Ndc4 Nc8 56. Qd1 Qh3+ 57. Kg1 Kc7 58. Nxg4 Be7 59. Qf3 Qh7
1-0

[Event "XXXVIII Torneo Internacional de Ajedrez"]
[Site "La Roda (Albacete) - ESPAÑA"]
[Date "2011.04.23"]
[Round "7.1"]
[White "Almeida Quintana, Omar"]
[Black "Forcen Esteban, Daniel"]
[Result "1/2-1/2"]
[WhiteElo "2576"]
[BlackElo "2425"]
[PlyCount "50"]
[EventDate "2011.04.20"]

1. d4 Nf6 2. c4 c5 3. d5 e6 4. Nc3 exd5 5. cxd5 d6 6. e4 g6 7. f3 Bg7 8. Bg5 h6
9. Be3 O-O 10. Qd2 h5 11. Nge2 a6 12. a4 Qa5 13. Ra3 Nbd7 14. Nc1 Qc7 15. Be2
Ne5 16. O-O b6 17. h3 Re8 18. f4 Ned7 19. Bf3 Bb7 20. Kh1 Qd8 21. Nd3 b5 22.
axb5 Nb6 23. b3 axb5 24. Rxa8 Bxa8 25. Nf2 b4 1/2-1/2

[Event "XXXVIII Torneo Internacional de Ajedrez"]
[Site "La Roda (Albacete) - ESPAÑA"]
[Date "2011.04.23"]
[Round "7.2"]
[White "Larino Nieto, David"]
[Black "Hernandez Carmenates, Holden"]
[Result "1-0"]
[WhiteElo "2475"]
[BlackElo "2564"]
[PlyCount "123"]
[EventDate "2011.04.20"]

1. e4 c5 2. Nc3 d6 3. g3 Nc6 4. Bg2 g6 5. d3 Bg7 6. f4 e5 7. Nf3 exf4 8. Bxf4
Nge7 9. O-O h6 10. Kh1 O-O 11. Qd2 g5 12. Be3 Be6 13. Nd5 Ng6 14. c3 Qd7 15.
Nxg5 hxg5 16. Nf6+ Bxf6 17. Rxf6 Bh3 18. Bxg5 Bxg2+ 19. Qxg2 Nce5 20. Raf1 Nxd3
21. R6f5 Rae8 22. Bh6 Qe6 23. Rf6 Qxe4 24. Qxe4 Rxe4 25. Bxf8 Nxf8 26. Rxf7 Ne6
27. Rxb7 d5 28. Rxa7 d4 29. Re7 Re2 30. Kg1 Nxb2 31. cxd4 Nxd4 32. Rxe2 Nxe2+
33. Kf2 Nc3 34. a3 c4 35. Ke3 Nb5 36. Ra1 Na4 37. Rb1 Nac3 38. Rc1 Kf7 39. a4
Nxa4 40. Rxc4 Nb6 41. Rc5 Nd6 42. Rc6 Ke7 43. g4 Kd7 44. Rc1 Ke6 45. Kd4 Nd7
46. Re1+ Kf6 47. h4 Nf7 48. Kd5 Nde5 49. Rf1+ Kg7 50. Ke6 Nxg4 51. Rxf7+ Kg6
52. Rf5 Ne3 53. Rg5+ Kh6 54. Ke5 Nc4+ 55. Kd5 Nb6+ 56. Kc6 Nc4 57. Kc5 Nd2 58.
Rf5 Kg6 59. Rf4 Nb3+ 60. Kb4 Nd2 61. Kc3 Nb1+ 62. Kd3 1-0

[Event "XXXVIII Torneo Internacional de Ajedrez"]
[Site "La Roda (Albacete) - ESPAÑA"]
[Date "2011.04.23"]
[Round "7.3"]
[White "Ibarra Jerez, Jose Carlos"]
[Black "Almagro Llamas, Pablo"]
[Result "1/2-1/2"]
[WhiteElo "2522"]
[BlackElo "2472"]
[PlyCount "23"]
[EventDate "2011.04.20"]

1. b3 e5 2. Bb2 Nc6 3. c4 Nf6 4. e3 Bd6 5. d3 b6 6. Nd2 O-O 7. Ngf3 Re8 8. Be2
Bf8 9. O-O Bb7 10. a3 a5 11. Qc2 d5 12. cxd5 1/2-1/2

[Event "XXXVIII Torneo Internacional de Ajedrez"]
[Site "La Roda (Albacete) - ESPAÑA"]
[Date "2011.04.23"]
[Round "7.4"]
[White "Suba, Mihai"]
[Black "Khamrakulov, Ibragim S"]
[Result "1/2-1/2"]
[WhiteElo "2465"]
[BlackElo "2495"]
[PlyCount "28"]
[EventDate "2011.04.20"]

1. Nf3 Nf6 2. c4 c5 3. Nc3 g6 4. e4 d6 5. d4 cxd4 6. Nxd4 Bg7 7. Be2 O-O 8. Be3
Nc6 9. O-O Bd7 10. Qd2 Rc8 11. f3 a6 12. Rfd1 Nxd4 13. Bxd4 Bc6 14. b4 b6
1/2-1/2

[Event "XXXVIII Torneo Internacional de Ajedrez"]
[Site "La Roda (Albacete) - ESPAÑA"]
[Date "2011.04.23"]
[Round "7.5"]
[White "Cuenca Jimenez, Jose Fernando"]
[Black "Martinez Martin, David"]
[Result "1-0"]
[WhiteElo "2493"]
[BlackElo "2398"]
[PlyCount "61"]
[EventDate "2011.04.20"]

1. Nf3 Nf6 2. c4 e6 3. Nc3 d5 4. d4 Be7 5. Bg5 O-O 6. e3 h6 7. Bh4 Ne4 8. Bxe7
Qxe7 9. Rc1 Nxc3 10. Rxc3 c6 11. Be2 dxc4 12. Bxc4 Nd7 13. O-O e5 14. Bb3 exd4
15. exd4 Nf6 16. Re1 Qd6 17. Ne5 Nd5 18. Rg3 Bf5 19. Qh5 Bh7 20. h4 Rae8 21.
Bxd5 cxd5 22. Qg4 Qf6 23. Ree3 Bf5 24. Qf4 Kh7 25. Ref3 g6 26. Nd7 Re1+ 27. Kh2
Qe7 28. Nxf8+ Qxf8 29. Re3 Rd1 30. Re5 Qd8 31. Rxf5 1-0

[Event "XXXVIII Torneo Internacional de Ajedrez"]
[Site "La Roda (Albacete) - ESPAÑA"]
[Date "2011.04.23"]
[Round "7.6"]
[White "Burmakin, Vladimir"]
[Black "Anton Guijarro, David"]
[Result "1/2-1/2"]
[WhiteElo "2594"]
[BlackElo "2425"]
[PlyCount "75"]
[EventDate "2011.04.20"]

1. Nf3 d5 2. g3 Nf6 3. Bg2 e6 4. c4 Be7 5. O-O O-O 6. b3 c5 7. cxd5 exd5 8. d4
Ne4 9. Bb2 Bf6 10. Nc3 Nc6 11. Na4 Re8 12. Rc1 b6 13. dxc5 Bxb2 14. Nxb2 Nxc5
15. Re1 Ba6 16. Nd4 Nxd4 17. Qxd4 Rxe2 18. Rxe2 Bxe2 19. Re1 Bb5 20. Bxd5 Bc6
21. Rd1 Qxd5 22. Qxd5 Bxd5 23. Rxd5 Kf8 24. Kg2 Ke7 25. Kf3 f6 26. h4 Rc8 27.
Ke3 Na6 28. Rd4 Nc5 29. Nc4 Ne6 30. Rd5 Rc6 31. Kf3 Nc7 32. Rd1 h5 33. Ne3 g6
34. Rd2 Rc5 35. Rd1 Rc6 36. Ke2 Rc5 37. Rd2 Rc6 38. Kf3 1/2-1/2

[Event "XXXVIII Torneo Internacional de Ajedrez"]
[Site "La Roda (Albacete) - ESPAÑA"]
[Date "2011.04.23"]
[Round "7.7"]
[White "Korneev, Oleg"]
[Black "Camacho Collados, Jose"]
[Result "1-0"]
[WhiteElo "2573"]
[BlackElo "2380"]
[PlyCount "67"]
[EventDate "2011.04.20"]

1. e4 c5 2. Nf3 Nc6 3. d4 cxd4 4. Nxd4 Nf6 5. Nc3 e5 6. Ndb5 d6 7. Bg5 a6 8.
Na3 b5 9. Nd5 Be7 10. Bxf6 Bxf6 11. c3 O-O 12. Nc2 Bg5 13. a4 bxa4 14. Rxa4 a5
15. Bc4 Rb8 16. Ra2 Kh8 17. Nce3 g6 18. h4 Bxh4 19. g3 Bg5 20. f4 exf4 21. gxf4
Bh4+ 22. Kf1 f5 23. b4 Rb7 24. Rah2 Bg3 25. Rg2 Bxf4 26. Nxf4 fxe4 27. Rf2 Kg7
28. Bd5 Qe8 29. Bxc6 Qxc6 30. Nh5+ Kg8 31. Nf6+ Kh8 32. Qd4 Qb5+ 33. Nc4 Rbf7
34. Nxe4+ 1-0

[Event "XXXVIII Torneo Internacional de Ajedrez"]
[Site "La Roda (Albacete) - ESPAÑA"]
[Date "2011.04.23"]
[Round "7.8"]
[White "Paunovic, Dragan"]
[Black "Rudolf, Anna"]
[Result "1-0"]
[WhiteElo "2504"]
[BlackElo "2347"]
[PlyCount "93"]
[EventDate "2011.04.20"]

1. Nf3 Nf6 2. c4 e6 3. Nc3 Bb4 4. Qc2 O-O 5. a3 Bxc3 6. Qxc3 b6 7. g3 Bb7 8.
Bg2 a5 9. b3 d6 10. Bb2 Nbd7 11. O-O e5 12. d3 Re8 13. e4 Nc5 14. Nh4 Ne6 15.
Nf5 g6 16. f4 gxf5 17. fxe5 Ng4 18. exd6 f6 19. dxc7 Qxc7 20. Rxf5 Rad8 21. Qd2
Nd4 22. Rf4 f5 23. Raf1 Qc5 24. Kh1 Nf6 25. Bxd4 Qxd4 26. Rxf5 Bxe4 27. Rxf6
Bxd3 28. Qg5+ Kh8 29. R6f4 Qb2 30. Rg1 Rd6 31. c5 bxc5 32. Qxc5 Rde6 33. Rf8+
Kg7 34. Rxe8 Rxe8 35. Qxa5 Qxb3 36. h4 Bg6 37. Kh2 h5 38. Qc7+ Kh8 39. Qd6 Qc2
40. Rf1 Re2 41. Rf8+ Kh7 42. Qd5 Rf2 43. Rxf2 Qxf2 44. a4 Qe2 45. a5 Bd3 46.
Qf3 Qxf3 47. Bxf3 1-0

[Event "XXXVIII Torneo Internacional de Ajedrez"]
[Site "La Roda (Albacete) - ESPAÑA"]
[Date "2011.04.23"]
[Round "7.9"]
[White "Camacho Collados, Marcos"]
[Black "Cruz, Cristhian"]
[Result "0-1"]
[WhiteElo "2376"]
[BlackElo "2492"]
[PlyCount "116"]
[EventDate "2011.04.20"]

1. e4 e6 2. d3 d5 3. Nd2 c5 4. Ngf3 Nc6 5. g3 g6 6. Bg2 Bg7 7. O-O Nge7 8. Re1
Qc7 9. Nf1 b6 10. exd5 Nxd5 11. c4 Nde7 12. Bf4 Qd7 13. Ne5 Nxe5 14. Bxe5 Bxe5
15. Bxa8 Bxb2 16. Rb1 Bg7 17. Bg2 O-O 18. Ne3 Bb7 19. Bxb7 Qxb7 20. Nc2 Rd8 21.
Rb3 Nc6 22. Qf3 Qd7 23. Qf4 h6 24. Re3 f5 25. Qf3 Re8 26. Qd1 g5 27. h3 Qd6 28.
Qh5 Re7 29. Kh2 Kh7 30. Rb1 Ne5 31. Rg1 Nxd3 32. Qe2 Nb2 33. Re1 e5 34. Rb3 e4
35. Ne3 Qe5 36. Nd5 Re6 37. Rf1 Nd3 38. f4 gxf4 39. gxf4 Qd4 40. Qh5 Rg6 41.
Ne7 Rf6 42. Nxf5 Qd7 43. Nxg7 Qxg7 44. Qd5 Qe7 45. Rg1 Qe6 46. Qxe6 Rxe6 47. f5
Rf6 48. Rf1 Kg7 49. Rc3 Rd6 50. Rg1+ Kf7 51. Kg2 Kf6 52. Rf1 Ke5 53. Kg3 Rf6
54. Kg4 Kd4 55. Rc2 Ne5+ 56. Kf4 e3 57. Rg1 Nd7 58. Kg4 Ke4 0-1

[Event "XXXVIII Torneo Internacional de Ajedrez"]
[Site "La Roda (Albacete) - ESPAÑA"]
[Date "2011.04.23"]
[Round "7.10"]
[White "Alonso Rosell, Alvar"]
[Black "Kovacevic, Slobodan"]
[Result "1/2-1/2"]
[WhiteElo "2477"]
[BlackElo "2322"]
[PlyCount "84"]
[EventDate "2011.04.20"]

1. d4 Nf6 2. c4 e6 3. Nc3 c5 4. d5 exd5 5. cxd5 d6 6. e4 g6 7. h3 Bg7 8. Bd3
O-O 9. Nf3 a6 10. a4 Nbd7 11. O-O Nh5 12. Re1 Re8 13. Bg5 Bf6 14. Be3 Ne5 15.
Be2 Nxf3+ 16. Bxf3 Ng7 17. Qd2 Bd7 18. Bf4 Be5 19. a5 b6 20. axb6 Qxb6 21. Bxe5
Rxe5 22. Be2 Ree8 23. f4 f5 24. Bf3 fxe4 25. Nxe4 Rf8 26. Qc3 Ne8 27. Ng5 Rxf4
28. Re7 h6 29. Ne6 Bxe6 30. dxe6 Rb8 31. Kh1 Nf6 32. Qd3 Rf5 33. Qe3 Qxb2 34.
Rd1 Rg5 35. h4 Qe5 36. Qc1 Rxg2 37. Kxg2 Ne4 38. Qe3 Qg3+ 39. Kf1 Qh3+ 40. Kg1
Qg3+ 41. Kf1 Qh3+ 42. Kg1 Qg3+ 1/2-1/2

[Event "XXXVIII Torneo Internacional de Ajedrez"]
[Site "La Roda (Albacete) - ESPAÑA"]
[Date "2011.04.23"]
[Round "7.11"]
[White "Pardo Simon, David"]
[Black "Rojas Keim, Luis"]
[Result "1/2-1/2"]
[WhiteElo "2388"]
[BlackElo "2432"]
[PlyCount "48"]
[EventDate "2011.04.20"]

1. e4 e6 2. d4 d5 3. Bd3 dxe4 4. Bxe4 Nf6 5. Bf3 c5 6. Ne2 Nc6 7. Be3 cxd4 8.
Nxd4 Ne5 9. O-O Nxf3+ 10. Qxf3 Be7 11. Rd1 Qa5 12. Nc3 O-O 13. Nb3 Qc7 14. Nb5
Qb8 15. Bf4 e5 16. Re1 exf4 17. Rxe7 Bd7 18. N5d4 Qd6 19. Ree1 b6 20. h3 Rae8
21. c3 a5 22. Rad1 Rxe1+ 23. Rxe1 Re8 24. Rxe8+ Bxe8 1/2-1/2

[Event "XXXVIII Torneo Internacional de Ajedrez"]
[Site "La Roda (Albacete) - ESPAÑA"]
[Date "2011.04.23"]
[Round "7.12"]
[White "Castano, Henry Augusto"]
[Black "Cabrera, Alexis"]
[Result "0-1"]
[WhiteElo "2273"]
[BlackElo "2511"]
[PlyCount "56"]
[EventDate "2011.04.20"]

1. e4 c6 2. d4 d5 3. f3 dxe4 4. fxe4 e5 5. Nf3 Bg4 6. Bc4 Nd7 7. O-O Ngf6 8. c3
Bd6 9. Bg5 O-O 10. Nbd2 Qc7 11. Qe1 h6 12. Bxf6 Nxf6 13. Qh4 b5 14. Bb3 Rad8
15. Kh1 Rfe8 16. Rae1 Bh5 17. Rf2 Bg6 18. Rfe2 Nh5 19. g3 Qc8 20. g4 Nf4 21.
Re3 c5 22. g5 cxd4 23. cxd4 exd4 24. Nxd4 Bb4 25. gxh6 Rxd4 26. hxg7 Kxg7 27.
Qxf4 Bxd2 28. Rg1 Rc4 0-1